[Event "CZE-chT2D 2223"]
[Site "Czech Republic"]
[Date "2023.03.26"]
[Round "11.8"]
[White "Kulhanek, Jachym"]
[Black "Stodola, Jakub"]
[Result "1-0"]
[WhiteElo "1942"]
[BlackElo "1759"]
[PlyCount "83"]
[EventDate "2022.10.16"]
[EventType "team-tourn"]
[EventRounds "11"]
[EventCountry "CZE"]
[SourceTitle "EXT 2024"]
[Source "ChessBase"]
[SourceDate "2023.10.10"]
[SourceVersion "1"]
[SourceVersionDate "2023.10.10"]
[SourceQuality "1"]
[WhiteTeam "Polabiny IV"]
[BlackTeam "Policka Stefanydes"]
[WhiteTeamCountry "CZE"]
[BlackTeamCountry "CZE"]

1. e4 c5 2. c3 Nf6 3. e5 Nd5 4. d4 cxd4 5. Nf3 Nc6 6. cxd4 d6 7. Bc4 Nb6 8. Bb3 dxe5 9. dxe5 Qxd1+ 10. Bxd1 Nc4 11. Nc3 Bd7 12. 0-0 N4xe5 13. Nb5 Rc8 14. Bf4 Nxf3+ 15. Bxf3 e5 16. Rfe1 f6 17. Rad1 a6 18. Rxd7 Kxd7 19. Bg4+ Kd8 20. Rd1+ Nd4 21. Nxd4 Ra8 22. Ne6+ Ke7 23. Be3 f5 24. Bxf5 Kf6 25. Bg4 h6 26. f4 Be7 27. fxe5+ Kxe5 28. Bd4+ Ke4 29. Bf3+ Kf5 30. Nxg7+ Kg6 31. Be4+ Kf7 32. Rf1+ Kg8 33. Nf5 Rh7 34. Bd5+ Kf8 35. Nd6+ Bf6 36. Bxf6 Rd7 37. Bh4+ Kg7 38. Nf5+ Kg6 39. Be4 Kh5 40. Bf6 Rd2 41. Ng3+ Kg4 42. Bf5# 1-0

[Event "CZE-chT2D 2223"]
[Site "Czech Republic"]
[Date "2023.03.05"]
[Round "10.7"]
[White "Kulhanek, Jachym"]
[Black "Vala, Filip"]
[Result "1/2-1/2"]
[WhiteElo "1942"]
[BlackElo "2121"]
[PlyCount "80"]
[EventDate "2022.10.16"]
[EventType "team-tourn"]
[EventRounds "11"]
[EventCountry "CZE"]
[SourceTitle "EXT 2024"]
[Source "ChessBase"]
[SourceDate "2023.10.10"]
[SourceVersion "1"]
[SourceVersionDate "2023.10.10"]
[SourceQuality "1"]
[WhiteTeam "Polabiny IV"]
[BlackTeam "Chotebor"]
[WhiteTeamCountry "CZE"]
[BlackTeamCountry "CZE"]

1. e4 d6 2. Nf3 Nf6 3. Nc3 g6 4. d4 Bg7 5. Bc4 0-0 6. 0-0 Nxe4 7. Nxe4 d5 8. Bd3 dxe4 9. Bxe4 Nd7 10. c3 c5 11. Bg5 Nf6 12. Bc2 cxd4 13. Nxd4 Qa5 14. Qc1 a6 15. Nb3 Qc7 16. Bf4 e5 17. Bh6 b6 18. Bxg7 Kxg7 19. f4 e4 20. f5 Ng4 21. g3 gxf5 22. Nd4 Kg6 23. Rf4 Ne5 24. g4 Rg8 25. Nxf5 Bxf5 26. Rxf5 f6 27. Bxe4 Kf7 28. Bd5+ Ke7 29. Bxg8 Rxg8 30. Qe3 Rxg4+ 31. Kf2 Ke6 32. Rf3 Kf7 33. Rh3 Rf4+ 34. Ke1 Qc4 35. Qe2 Qd5 36. Qh5+ Ke6 37. Qe8+ Kf5 38. Qh5+ Ke6 39. Qe8+ Kf5 40. Qh5+ Ke6 1/2-1/2

[Event "Hradec Kralove Region-chT 2223"]
[Site "Czech Republic"]
[Date "2023.02.12"]
[Round "8.2"]
[White "Kulhanek, Jachym"]
[Black "Sedivy, Martin"]
[Result "1/2-1/2"]
[WhiteElo "1967"]
[BlackElo "2103"]
[PlyCount "61"]
[EventDate "2022.10.09"]
[EventType "team-tourn"]
[EventRounds "11"]
[EventCountry "CZE"]
[SourceTitle "EXT 2024"]
[Source "ChessBase"]
[SourceDate "2023.10.10"]
[SourceVersion "1"]
[SourceVersionDate "2023.10.10"]
[SourceQuality "1"]

1. e4 e5 2. Nf3 Nc6 3. Bb5 f5 4. d4 fxe4 5. Nxe5 Nxe5 6. dxe5 c6 7. Nc3 cxb5 8. Nxe4 d5 9. exd6 Nf6 10. 0-0 Nxe4 11. Qh5+ g6 12. Qe5+ Kf7 13. Qxh8 Nf6 14. Bh6 Be6 15. Qxf8+ Qxf8 16. Bxf8 Rxf8 17. a4 b4 18. Rfd1 Rd8 19. Rd4 Nd5 20. Rad1 Rxd6 21. Kf1 Rd7 22. a5 Ke7 23. Ke2 g5 24. g3 h5 25. h4 g4 26. R1d2 Kf6 27. Kd3 Ke5 28. Re2+ Kd6 29. c3 bxc3 30. bxc3 Ke7 31. Re5 1/2-1/2

[Event "CZE-chT2D 2223"]
[Site "Czech Republic"]
[Date "2023.01.22"]
[Round "7.6"]
[White "Kulhanek, Jachym"]
[Black "Horak, Vojtech"]
[Result "1-0"]
[WhiteElo "1942"]
[BlackElo "1663"]
[PlyCount "67"]
[EventDate "2022.10.16"]
[EventType "team-tourn"]
[EventRounds "11"]
[EventCountry "CZE"]
[SourceTitle "EXT 2024"]
[Source "ChessBase"]
[SourceDate "2023.10.10"]
[SourceVersion "1"]
[SourceVersionDate "2023.10.10"]
[SourceQuality "1"]
[WhiteTeam "Polabiny IV"]
[BlackTeam "Lanskroun"]
[WhiteTeamCountry "CZE"]
[BlackTeamCountry "CZE"]

1. e4 e5 2. Nf3 Nc6 3. Bb5 a6 4. Ba4 Nf6 5. 0-0 Be7 6. Re1 b5 7. Bb3 d6 8. c3 Na5 9. Bc2 c5 10. d4 Nc6 11. a4 Bb7 12. d5 Na5 13. Nbd2 Qc7 14. Nf1 0-0 15. Ne3 b4 16. cxb4 cxb4 17. Bd2 Qb6 18. Nf5 Bd8 19. Bd3 Bc8 20. Ng3 Bd7 21. Ne2 Ng4 22. Rf1 f5 23. exf5 Bxf5 24. Bxf5 Rxf5 25. Qc2 g6 26. h3 Nf6 27. Ng3 Rxf3 28. gxf3 Qd4 29. Kg2 Nc4 30. Bxb4 Nxd5 31. Qb3 Nxb4 32. Rfd1 Qf4 33. Ne4 Bc7 34. Qxc4+ 1-0

[Event "CZE-chT1W 2223"]
[Site "Czech Republic"]
[Date "2022.12.11"]
[Round "5.2"]
[White "Juptner, Jan"]
[Black "Kulhanek, Jachym"]
[Result "1-0"]
[WhiteElo "2217"]
[BlackElo "1942"]
[PlyCount "109"]
[EventDate "2022.10.09"]
[EventType "team-tourn"]
[EventRounds "11"]
[EventCountry "CZE"]
[SourceTitle "CBM 213 Extra"]
[Source "ChessBase"]
[SourceDate "2023.05.31"]
[SourceVersion "1"]
[SourceVersionDate "2023.05.31"]
[SourceQuality "1"]
[WhiteTeam "Lysa nad Labem II"]
[BlackTeam "Polabiny III"]
[WhiteTeamCountry "CZE"]
[BlackTeamCountry "CZE"]

1. d4 Nf6 2. c4 e6 3. Nf3 d5 4. g3 Bb4+ 5. Bd2 Bxd2+ 6. Nbxd2 0-0 7. Bg2 b6 8. cxd5 exd5 9. Ne5 Bb7 10. Rc1 Qe7 11. Nd3 Rc8 12. 0-0 c5 13. dxc5 bxc5 14. Re1 Nbd7 15. Qa4 c4 16. Qb4 Qxb4 17. Nxb4 a5 18. Nc2 Nc5 19. Nd4 Ba6 20. b3 cxb3 21. N2xb3 Nxb3 22. axb3 Kf8 23. Bh3 Rxc1 24. Rxc1 Ne4 25. Rc7 g6 26. Bd7 Nf6 27. Ba4 Bc8 28. f3 Be6 29. Bc6 Ra6 30. Kf2 Ng8 31. Bb5 Rb6 32. Ra7 Ne7 33. Ra8+ Kg7 34. g4 Kf6 35. Rxa5 h5 36. h3 hxg4 37. hxg4 Nc8 38. Bc6 Ne7 39. Bb5 Nc8 40. Ra6 Ke5 41. e3 g5 42. Ra8 Nd6 43. Bd3 f5 44. gxf5 Bf7 45. b4 Be8 46. Ra7 Nc8 47. Rc7 Rb8 48. Rc6 Nd6 49. f4+ gxf4 50. Nf3+ Kf6 51. Rxd6+ Kf7 52. Ne5+ Kf8 53. f6 fxe3+ 54. Kxe3 Rxb4 55. Rd8 1-0

[Event "CZE-chT1W 2223"]
[Site "Czech Republic"]
[Date "2022.11.13"]
[Round "3.3"]
[White "Ludvik, Tomas"]
[Black "Kulhanek, Jachym"]
[Result "1/2-1/2"]
[WhiteElo "2231"]
[BlackElo "1942"]
[PlyCount "91"]
[EventDate "2022.10.09"]
[EventType "team-tourn"]
[EventRounds "11"]
[EventCountry "CZE"]
[SourceTitle "CBM 213 Extra"]
[Source "ChessBase"]
[SourceDate "2023.05.31"]
[SourceVersion "1"]
[SourceVersionDate "2023.05.31"]
[SourceQuality "1"]
[WhiteTeam "Polabiny II"]
[BlackTeam "Polabiny III"]
[WhiteTeamCountry "CZE"]
[BlackTeamCountry "CZE"]

1. Nf3 c5 2. g3 Nc6 3. c4 g6 4. Bg2 Bg7 5. 0-0 Nf6 6. Nc3 0-0 7. d4 cxd4 8. Nxd4 Nxd4 9. Qxd4 d6 10. Rd1 Nd7 11. Qd2 Nc5 12. b3 Bd7 13. Bb2 Bc6 14. Nd5 Bxb2 15. Qxb2 a5 16. Qd2 Rc8 17. h4 b5 18. cxb5 Bxb5 19. h5 Bc6 20. Qh6 Bxd5 21. Bxd5 e6 22. hxg6 fxg6 23. Bf3 Qf6 24. Qd2 Ne4 25. Qd4 Qxd4 26. Rxd4 Ng5 27. Rxd6 Nxf3+ 28. exf3 Rxf3 29. Kg2 Rcf8 30. Rd2 h5 31. Re1 R8f6 32. Re5 a4 33. bxa4 Ra3 34. Ra5 Kg7 35. Ra7+ Kh6 36. Re2 e5 37. Ra5 h4 38. gxh4 Rf4 39. Raxe5 Rxh4 40. R5e4 Rxe4 41. Rxe4 Rxa2 42. Rb4 Ra3 43. Kf1 Kg5 44. Ke2 Kf5 45. Rb5+ Kf4 46. Rb4+ 1/2-1/2

[Event "CZE-chT2D 2223"]
[Site "Czech Republic"]
[Date "2022.11.06"]
[Round "2.6"]
[White "Poslusny, Martin"]
[Black "Kulhanek, Jachym"]
[Result "1/2-1/2"]
[WhiteElo "1946"]
[BlackElo "1942"]
[PlyCount "123"]
[EventDate "2022.10.16"]
[EventType "team-tourn"]
[EventRounds "11"]
[EventCountry "CZE"]
[SourceTitle "EXT 2024"]
[Source "ChessBase"]
[SourceDate "2023.10.10"]
[SourceVersion "1"]
[SourceVersionDate "2023.10.10"]
[SourceQuality "1"]
[WhiteTeam "Usti nad Orlici"]
[BlackTeam "Polabiny IV"]
[WhiteTeamCountry "CZE"]
[BlackTeamCountry "CZE"]

1. d4 Nf6 2. Nf3 e6 3. c3 b6 4. Bf4 Bb7 5. e3 d6 6. h3 Nbd7 7. Nbd2 Qe7 8. Be2 g6 9. 0-0 Bg7 10. a4 a5 11. b4 Nd5 12. Rc1 Nxf4 13. exf4 0-0 14. b5 Rad8 15. Nc4 Bh6 16. Qc2 Bxf4 17. Rce1 f5 18. Ne3 Nf6 19. Nd2 Bxe3 20. fxe3 Ne4 21. Bf3 Nxd2 22. Qxd2 Bxf3 23. Rxf3 d5 24. Qa2 c6 25. Qb3 cxb5 26. Qxb5 Qc7 27. Rb1 Rd6 28. Rb3 Rc6 29. Rf1 Rc8 30. Rc1 Qg3 31. Qe2 Qc7 32. Qb5 Kg7 33. Kf2 f4 34. Qd3 f3 35. g3 e5 36. e4 Qd7 37. g4 dxe4 38. Qxe4 exd4 39. Rd1 Rxc3 40. Qe5+ Kg8 41. Rxd4 Rc2+ 42. Kg3 Qc7 43. Qxc7 R8xc7 44. Rxf3 R2c3 45. g5 Rxf3+ 46. Kxf3 Kf7 47. Rd6 Rc3+ 48. Kg4 Rc4+ 49. Kf3 Rxa4 50. Rxb6 Rb4 51. Ra6 a4 52. Kg3 Ke7 53. Kf2 Kd7 54. Ke2 Rb2+ 55. Kd1 Ra2 56. Kc1 a3 57. Kb1 Rb2+ 58. Ka1 Rb3 59. Ra7+ Ke6 60. Rxh7 Kf5 61. h4 Rh3 62. Ka2 1/2-1/2

[Event "CZE-ch Amateur"]
[Site "Luhacovice"]
[Date "2022.03.14"]
[Round "4"]
[White "Gabriel, Adam"]
[Black "Kulhanek, Jachym"]
[Result "1/2-1/2"]
[WhiteElo "2097"]
[BlackElo "1951"]
[PlyCount "88"]
[EventDate "2022.03.12"]
[EventType "swiss"]
[EventRounds "9"]
[EventCountry "CZE"]
[SourceTitle "EXT 2023"]
[Source "ChessBase"]
[SourceDate "2022.10.05"]
[SourceVersion "1"]
[SourceVersionDate "2022.10.05"]
[SourceQuality "1"]

1. Nf3 Nf6 2. c4 e6 3. Nc3 d5 4. d4 Be7 5. Bf4 0-0 6. e3 b6 7. cxd5 Nxd5 8. Nxd5 exd5 9. Bd3 c5 10. dxc5 bxc5 11. 0-0 Nc6 12. Ne5 Nxe5 13. Bxe5 g6 14. Qf3 Be6 15. b3 f6 16. Bc3 Bd6 17. Rac1 Qd7 18. h3 a5 19. a4 Be5 20. Bxe5 fxe5 21. Qg3 e4 22. Be2 Qe7 23. Rfd1 Rad8 24. Bb5 Rf5 25. Rd2 Rdf8 26. h4 Rh5 27. Rdc2 Rxh4 28. Rxc5 Rg4 29. Qc7 Qg5 30. Bf1 Rh4 31. g3 Rh6 32. Bg2 Qh5 33. Rxa5 Qh2+ 34. Kf1 Bh3 35. Rc2 Qxg2+ 36. Ke1 Qg1+ 37. Kd2 Rxf2+ 38. Kc3 Rxc2+ 39. Kxc2 Qf2+ 40. Kb1 Qf8 41. Rxd5 Bf1 42. Rd8 Bd3+ 43. Kc1 Rh1+ 44. Kd2 Rh2+ 1/2-1/2